00305nam a22001097a 4500003000400000020001800004082001900022100005600041245003400097260005600131300000800187SGT a9788126315031 a891.4309bS08C aचतुर्वेदी, माखनलाल  aसमय के पाँव b भारतीय ज्ञानपीठ c2008 a126